000 00409nam a2200133 4500
005 20260327095909.0
008 260327b |||||||| |||| 00| 0 eng d
020 _a 978-81-8487-415-0
100 _aBhamra K. S
245 _aOrdinary Differential Equations: A Graduate Text
_c/K. S. Bhamra
260 _aNew Delhi;
_bNarosa Publishing House Pvt.Ltd;
_c2015
300 _axxiv,44.38p.ill;
_c24cm
942 _2lcc
_n0
_cBK
999 _c203
_d203